MARC

LEADER 00000nam0a2200000 4500
001 230942
005 20231101231035.0
035 |a (RuTPU)RU\TPU\book\251957 
090 |a 230942 
100 |a 20130128d1940 km y0rusy50 ca 
101 0 |a rus 
102 |a RU 
105 |a y z 001zy 
200 1 |a Геологическая карта СССР. Масштаб 1:1000 000. Объяснительная записка к листу J - 38 (Нахичевань)  |f СССР, Комитет по делам геологии ; сост. К. Н. Паффенгольц 
210 |a Москва  |a Ленинград  |c Госгеолиздат  |d 1940 
215 |a 24 с. 
317 |5 63413507: КР-570  |a Поступила в НТБ в 2004 г. в составе книжной коллекции профессора ТПИ К. В. Радугина. 
320 |a Библиогр.: с. 23-24. 
606 1 |a Геологические карты  |2 stltpush  |3 (RuTPU)RU\TPU\subj\6050  |9 34014 
610 1 |a геология 
610 1 |a СССР 
610 1 |a Нахичевань 
610 1 |a гидрография 
610 1 |a геоморфология 
610 1 |a стратиграфия 
610 1 |a системы 
610 1 |a вулканические процессы 
610 1 |a интрузии 
610 1 |a тектоника 
610 1 |a библиотека К. В. Радугина 
675 |a 550.8:528  |v 3 
702 1 |a Паффенгольц  |b К. Н.  |4 220 
712 0 2 |a СССР  |b Комитет по делам геологии  |c (1939-1946)  |2 stltpush  |3 (RuTPU)RU\TPU\col\18488  |9 27049 
801 1 |a RU  |b 63413507  |c 20130128 
801 2 |a RU  |b 63413507  |c 20130321  |g RCR 
942 |c BK